000 01093nam a2200265Ia 4500
003 OSt
005 20220923224311.0
006 a|||||r|||| 00| 0
007 ta
008 220922b |||||||| |||| 00| 0 hin d
024 _a230,635
037 _cTextual
040 _aARTS
_cARTS
_bhin
041 _2hin
_ahin
082 _aQ8441xI69, 152M9
100 _aतालिब, गुरबचन सिंह; तालिब, गुरबचन सिंह; नरेन्द्र मोहन, अनु.
_9167882
245 0 _aगुरू नानक
246 _aGurū nānaka
260 _aनई दिल्ली
_b साहित्य अकादमी
_c1989
300 _a96पृ.
_ccm.
490 _aभारतीय साहित्य के निर्माता
650 _aधर्मशास्त्र
942 _hQ8441xI69, 152M9
_cTEXL
_2CC
999 _c370477
_d370477